| 000 | 00396nam a22001337a 4500 | ||
|---|---|---|---|
| 005 | 20260206094551.0 | ||
| 008 | 260206b |||||||| |||| 00| 0 eng d | ||
| 020 | _a9789350040430 | ||
| 100 | _aKogent Learning Solutions | ||
| 245 |
_aNET 4.0 Programming _c/Kogent Learning Solutions |
||
| 260 |
_aNew Delhi; _bDreamtech Press; _c2011. |
||
| 300 |
_axxxiv; 1759p. ill;. _c23.5cm _eCD |
||
| 942 |
_2ddc _cBK _n0 |
||
| 999 |
_c144 _d144 |
||